|
|
|
|
| LEADER |
00000nam a22000007a 4500 |
| 005 |
20180331200423.0 |
| 007 |
cr|||| |||| |
| 008 |
180331s2012 cl |||||s|||| 00||0 spa d |
| 020 |
|
|
|a 978-956-7160-77-8
|
| 035 |
|
|
|a 21296
|
| 040 |
|
|
|a vLex
|
| 090 |
|
|
|c 7607
|d 7607
|
| 100 |
1 |
|
|a Lehued,̌ Eduardo Jequier
|
| 245 |
1 |
0 |
|a Sociedades de capital
|h [Recurso electrn̤ico] :
|b Nuevas tendencias del derecho chileno de sociedades /
|c Eduardo Jequier Lehueď
|
| 256 |
|
|
|a Servicio en ln̕ea
|
| 260 |
|
|
|a Santiago de Chile:
|b Universidad de los Andes (Chile),
|c 2012
|
| 300 |
|
|
|a 1 recurso electrn̤ico
|
| 506 |
1 |
|
|a Disponible solo en los productos indicados
|d vLex Global
|d vLex Global (Academic Edition, excluding Law Schools)
|d vLex Global (U.S. Academic Edition, Law Schools)
|d vLex Global (U.S. Academic Edition, excluding Law Schools)
|d vLex Global (Academic Edition, Law Schools)
|
| 650 |
0 |
4 |
|a Derecho Civil
|z Chile
|
| 650 |
0 |
4 |
|a Derecho Mercantil y de la Empresa
|z Chile
|
| 650 |
0 |
4 |
|a Sociedades
|z Chile
|
| 740 |
0 |
|
|a vLex Libros (Servicio en ln̕ea)
|
| 856 |
4 |
0 |
|u http://vlex.com/source/sociedades-de-capital-nuevas-tendencias-del-derecho-chileno-de-sociedades-21296
|z Acceso restringido
|
| 942 |
|
|
|c BOOK
|
| 999 |
0 |
|
|a Civil Law
|
| 999 |
0 |
|
|a Business and Company Law
|
| 999 |
0 |
|
|a Companies
|